HARRISON'S MANUAL OF MEDICINE (Record no. 216924)

MARC details
000 -LEADER
fixed length control field 00425nam a22001577a 4500
008 - FIXED-LENGTH DATA ELEMENTS--GENERAL INFORMATION
fixed length control field 260407b |||||||| |||| 00| 0 eng d
020 ## - INTERNATIONAL STANDARD BOOK NUMBER
International Standard Book Number 13:978-93-5316-985-5
050 ## - LIBRARY OF CONGRESS CALL NUMBER
Classification number RC 46. M37 2020
100 ## - MAIN ENTRY--PERSONAL NAME
Personal name LARRY JAMESON J.
245 ## - TITLE STATEMENT
Title HARRISON'S MANUAL OF MEDICINE
260 ## - PUBLICATION, DISTRIBUTION, ETC.
Place of publication, distribution, etc. NEWYORK
Name of publisher, distributor, etc. MC GRAW HILL
Date of publication, distribution, etc. 2020
300 ## - PHYSICAL DESCRIPTION
Extent X,1245
500 ## - GENERAL NOTE
General note INCLUDES GLOSSARY AND AN INDEX
942 ## - ADDED ENTRY ELEMENTS (KOHA)
Source of classification or shelving scheme Library of Congress Classification
Koha item type Long Loan Book

No items available.